|
|
|
|
| LEADER |
02596nam a2200637 a 4500 |
| 001 |
nkc20112160726 |
| 003 |
CZ PrNK |
| 005 |
20110729085920.0 |
| 007 |
ta |
| 008 |
110112s2010 xr ak f 001 0 cze |
| 015 |
|
|
|a cnb002160726
|
| 020 |
|
|
|a 978-80-7330-184-2
|q (brož.)
|
| 035 |
|
|
|a (OCoLC)730406810
|
| 040 |
|
|
|a OLA001
|b cze
|d BOA001
|
| 041 |
0 |
|
|a cze
|b eng
|
| 043 |
|
|
|a e-xr---
|
| 072 |
|
7 |
|a 316.4/.7
|x Sociální interakce. Sociální komunikace
|2 Konspekt
|9 18
|
| 080 |
|
|
|a 378
|2 MRF
|
| 080 |
|
|
|a 378.011.3-052
|2 MRF
|
| 080 |
|
|
|a 378.011.3-051
|2 MRF
|
| 080 |
|
|
|a 364.633/.634
|2 MRF
|
| 080 |
|
|
|a 316.647.82:316.346.2
|2 MRF
|
| 080 |
|
|
|a 316.66-055.1/.3
|2 MRF
|
| 080 |
|
|
|a (437.3)
|2 MRF
|
| 080 |
|
|
|a (048.8:082)
|2 MRF
|
| 100 |
1 |
|
|a Vohlídalová, Marta,
|d 1981-
|7 mzk2008459021
|4 aut
|4 edt
|
| 245 |
1 |
0 |
|a Sexuální obtěžování ve vysokoškolském prostředí :
|b analýza, souvislosti, řešení /
|c Marta Vohlídalová (ed.), Kateřina Šaldová, Barbora Tupá
|
| 250 |
|
|
|a 1. vyd.
|
| 260 |
|
|
|a Praha :
|b Sociologický ústav Akademie věd České republiky,
|c 2010
|
| 300 |
|
|
|a 127 s. :
|b il., formuláře ;
|c 24 cm
|
| 500 |
|
|
|a 250 výt.
|
| 504 |
|
|
|a Obsahuje bibliografii, bibliografické odkazy a rejstřík
|
| 546 |
|
|
|a Anglické resumé
|
| 650 |
0 |
7 |
|a vysoké školy
|7 ph116649
|z Česko
|2 czenas
|
| 650 |
0 |
7 |
|a vysokoškolští studenti
|7 ph127281
|z Česko
|2 czenas
|
| 650 |
0 |
7 |
|a vysokoškolští učitelé
|7 ph127282
|z Česko
|2 czenas
|
| 650 |
0 |
7 |
|a sexuální obtěžování
|7 ph125511
|z Česko
|2 czenas
|
| 650 |
0 |
7 |
|a sexuální diskriminace
|7 ph116135
|z Česko
|2 czenas
|
| 650 |
0 |
7 |
|a gender
|7 ph175751
|z Česko
|2 czenas
|
| 650 |
0 |
9 |
|a universities and colleges
|z Czechia
|2 eczenas
|
| 650 |
0 |
9 |
|a college students
|z Czechia
|2 eczenas
|
| 650 |
0 |
9 |
|a college teachers
|z Czechia
|2 eczenas
|
| 650 |
0 |
9 |
|a sexual harassment
|z Czechia
|2 eczenas
|
| 650 |
0 |
9 |
|a sex discrimination
|z Czechia
|2 eczenas
|
| 650 |
0 |
9 |
|a gender equality
|z Czechia
|2 eczenas
|
| 655 |
|
7 |
|a kolektivní monografie
|7 fd501537
|2 czenas
|
| 655 |
|
9 |
|a collective monographs
|2 eczenas
|
| 700 |
1 |
|
|a Šaldová, Kateřina,
|d 1979-
|7 mzk2006355967
|4 aut
|
| 700 |
1 |
|
|a Tupá, Barbora,
|d 1980-
|7 mzk2005274858
|4 aut
|
| 856 |
4 |
1 |
|u http://www.digitalniknihovna.cz/mzk/uuid/uuid:5d7fee80-7ab3-11e8-9690-005056827e51
|y Digitalizovaný dokument
|x NDK
|
| 910 |
2 |
|
|a BOA001
|b 2-1265.138
|
| 928 |
9 |
|
|a Akademie věd České republiky, Sociologický ústav
|
| 990 |
|
|
|a BK
|
| 995 |
|
|
|a 01
|
| 991 |
|
|
|b 201104
|c NOV
|e n
|
| 996 |
6 |
|
|b 2610474373
|c 2-1265.138
|l MZK
|r Sklad / do 1 hodiny
|n 9
|p p.v.
|w 001174395
|u 000010
|a 1
|e BOA001
|j MZK50
|s P
|